Top 10 Gay Cities in the World - Statistics

General Stats
  • This quiz has been taken 3,756 times
  • The average score is 7 of 10
Answer Stats
Number of times mentioned Average Rank City % Correct
9 2.8 New York
90%
8 6.1 London
83%
8 8.4 Paris
81%
7 7.9 Los Angeles
76%
10 3.8 Berlin
73%
9 2.1 San Francisco
65%
7 8.1 Madrid
64%
8 4.8 Amsterdam
61%
8 6.4 Barcelona
53%
4 6.3 Tel Aviv
17%
No matching quizzes found
Score Distribution
Percent of People with Each Score
Percentile by Number Answered
Your Score History
You have not taken this quiz